Eros on the Nile /

محفوظ في:

المؤلف الرئيسي: Myśliwiec, Karol (مؤلف)

مؤلفون آخرون: Packer, Geoffrey L.

التنسيق: كتاب

اللغة: English
Polish

الموضوعات:

الوسوم: إضافة وسم

لا توجد وسوم, كن أول من يضع وسما على هذه التسجيلة!

رقم الطلب: ( R )BL2443 .M9713 2004

LEADER 00987namaa2200289 4500
001 17211
003 OSt
005 20210809111246.0
008 130303s2004 enkaf g 000 0 eng d
952 |0 0  |1 0  |2 lcc  |4 0  |7 1  |9 17595  |a ARCE  |b ARCE  |d 2021-08-09  |l 0  |o ( R )BL2443 .M9713 2004  |p 1036792  |r 2021-08-09 00:00:00  |w 2021-08-09  |y BK 
999 |c 14461  |d 14461 
020 |a 0715633023 
040 |c ARCE Library 
041 1 |a eng  |h pol 
043 |a f-ua--- 
050 0 4 |a ( R )BL2443 .M9713 2004 
100 1 |a Myśliwiec, Karol,  |e author  |9 36605 
240 1 0 |a Eros nad Nilem.  |l English 
245 1 0 |a Eros on the Nile /  |c Karol Myśliwiec ; translation from the Polish by Geoffrey L. Packer. 
264 1 |a London :  |b Duckworth,  |c 2004. 
300 |a XVI, 180 p., [8] p. de lám. :   |b illustrations ;  |c 22 cm. 
500 |a Translation of : Eros nad Nilem. 
650 0 |a Mythology, Egyptian. 
650 0 |a Sex  |x Religious aspects. 
700 1 |a Packer, Geoffrey L.  |9 37218 
901 |a reviewed 
942 |c BK  |2 lcc